|
|
|
|
| LEADER |
00000naa2a2200000 4500 |
| 001 |
635669 |
| 005 |
20231101133855.0 |
| 035 |
|
|
|a (RuTPU)RU\TPU\conf\37526
|
| 035 |
|
|
|a RU\TPU\conf\37524
|
| 090 |
|
|
|a 635669
|
| 100 |
|
|
|a 20230523d2022 k y0rusy50 ca
|
| 101 |
0 |
|
|a rus
|
| 102 |
|
|
|a RU
|
| 105 |
|
|
|a y z 101zy
|
| 135 |
|
|
|a drcn ---uucaa
|
| 181 |
|
0 |
|a i
|
| 182 |
|
0 |
|a b
|
| 200 |
1 |
|
|a Защита от импульсных перенапряжений в сетях 0,4 кВ
|f М. Ю. Покацкий, Е. Д. Троицкий
|g науч. рук. М. М. Попов
|
| 203 |
|
|
|a Текст
|c электронный
|
| 225 |
1 |
|
|a Цифровая энергетика и интеллектуальные энергетические системы
|
| 230 |
|
|
|a 1 компьютерный файл (pdf; 97 Kb)
|
| 300 |
|
|
|a Заглавие с экрана
|
| 320 |
|
|
|a [Библиогр.: с. 37 (3 назв.)]
|
| 463 |
|
0 |
|0 (RuTPU)RU\TPU\conf\37517
|t Бутаковские чтения
|o материалы II Всероссийской с международным участием молодежной конференции, 13-15 декабря 2022 г., Томск
|f Национальный исследовательский Томский политехнический университет ; ред. кол. А. С. Заворин, А. С. Матвеев, С. Г. Обухов [и др.]
|v [С. 36-37]
|d 2022
|
| 610 |
1 |
|
|a электронный ресурс
|
| 610 |
1 |
|
|a труды учёных ТПУ
|
| 610 |
1 |
|
|a защита
|
| 610 |
1 |
|
|a импульсные перенапряжения
|
| 610 |
1 |
|
|a сети
|
| 610 |
1 |
|
|a коммутационные явления
|
| 610 |
1 |
|
|a сроки эксплуатации
|
| 610 |
1 |
|
|a ограничители
|
| 700 |
|
1 |
|a Покацкий
|b М. Ю.
|
| 701 |
|
1 |
|a Троицкий
|b Е. Д.
|
| 702 |
|
1 |
|a Попов
|b М. М.
|c специалист в области электротехники
|c старший преподаватель Томского политехнического университета
|f 1991-
|g Михаил Михайлович
|2 stltpush
|4 727
|
| 712 |
0 |
2 |
|a Национальный исследовательский Томский политехнический университет
|b Инженерная школа энергетики
|b Отделение электроэнергетики и электротехники
|h 8022
|2 stltpush
|3 (RuTPU)RU\TPU\col\23505
|
| 801 |
|
2 |
|a RU
|b 63413507
|c 20230615
|g RCR
|
| 856 |
4 |
|
|u http://earchive.tpu.ru/handle/11683/75956
|
| 942 |
|
|
|c BK
|